00681nam a2200241 a 4500001001300000003000900013005001700022008004100039020001000080082001500090100002100105245002300126260005400149300000900203500003500212505001000247650001100257700002100268902000800289942000700297952011800304999001700422nice12345678IN_TiNIC20260116015201.0050524s1997 hyda grp 000 0 urd  ac10000a297.4bMUH aMuhammad, Ghulam aMaktoobat-E-Ghulam aHyderabad bMarkazi Anjuman Taleemus Salat c1997 a117p aincludes index and biblioraphy2 aIndex aSufism1 aMuhammad, Ghulam bSRS cBK 001040708StackRoom-aHMIbHMId2007-09-19g100.00l0o297.4 MUHp11000551r2007-09-19v100.00w2005-05-24yBK c18659d18659